|
|
|
|
| LEADER |
00000 a a2200000 04500 |
| 003 |
cru CRAI/IIS |
| 005 |
20210630162406.0 |
| 008 |
210630b |||||||| |||| 00| 0 spa d |
| 040 |
|
|
|c cru CRAI/IIS
|
| 245 |
|
|
|a Tabla de contenidos:
|c volumen 3, 1977
|
| 505 |
|
|
|a Contenido: 1.La autonomía universitaria en Centroamérica /Augusto Cazali Ávila. -- 2."El señor presidente" y la temática de la dictadura en la nueva novela hispanoamericana / Giuseppe Bellini. -- 3.Ciudades fundadas en la América Central en el siglo XVI (sinópsis alfabética) / Carlos Meléndez Chaverri. -- 4.Dependencia política y colonialismo: ideología independentista y luchas de clases en Belize / Gabriel Aguilera Peralta. -- 5.Desarrollo de los aspectos tecnológicos y científicos de la industria del café en Guatemala, 1830-1930 / Muricio Domínguez T.. -- 6.Estudio sobre la crisis de los años treinta en El Salvador / Alejandro D. Marroquín. -- 7.Estructura productiva e historia demográfica (Economía y desarrollo de la población en Honduras) / Guillermo Molina Chocano. -- 8.La Standard Fruit y la Steamship Company en Nicaragua (Los primeros años) / Thomas L. Karnes. -- 9.La minería en Nicaragua (1821-1875). Localización geográfica y naturaleza de los yacimientos / Alberto Lanuza Matamoros. -- 10.La frontera agrícola en Costa Rica y su relación con el problema agrario en zonas indígenas / María Eugenia Bozzoli de Wille. -- 11.Comercio y dependencia en Costa Rica durante los años 1880-1890 / Eduardo Hernández Alarcón. -- 12.Política interna y doctrina de relaciones internacionales: la postura de Costa Rica en el reconocimiento, 1923-1934 / Richard V. Salisbury. -- 13.El nacionalismo panameño y la cuestión canalera / Carlos Bolívar Pedreschi. -- 14.El Canal de Panamá y la acumulación del capital corporativo norteamericano / Juan A. Jované. -- 15.La prehistoria de la periferia maya del sureste / Robert J. Sherer. -- 16.Costa Rica precolombina / Alfonso Chase Brenes. -- 17.Movimiento bibliográfico nicaragüense / Mario Flores
|
| 773 |
0 |
|
|0 18765
|9 5862
|a Universidad de Costa Rica.
|d San José, Costa Rica: Editorial Universidad de Costa Rica, 1974-
|o MFN: 8534
|t Anuario de Estudios Centroamericanos /
|x 03777316
|
| 942 |
|
|
|2 ddc
|c PP
|
| 999 |
|
|
|c 43741
|d 43741
|